Datum a čas kvízu

22 Celkem bodů Celkový počet nahraných bodů na tomto kvízu bez doplňovacích otázek.
6. Pořadí na kvízu Konečné umístění týmu na tomto kvízu.

Zaznamenané odpovědi

# Otázka Odpověď Body Výsledky
1. Ve středu do toho „praštil“ da... Lucie Šafářová, Tomáš Plekanec 1
2. V neděli se konaly volby do ně... Armin Laschet 0
3. Herec Daniel Craig získal v br... fregatní kapitán 0
4. Americký řetězec Costco zavedl... toaletního papíru 1
5. Česká republika získala na mis... Václav Chaloupka 0
6. V pátém díle našeho cestovatel... Brdská vrchovina (Brdy) 1
7. Jedním z nejnavštěvovanějších... V gotickém slohu. 1
8. V tomto kraji najdeme i výběh... V Berouně. 0
9. Středočeský kraj je spojen ta... Bobeš 1
10. V tomto kraji najdeme také spo... V Mnichově Hradišti. 0